LEADER 01205nam a2200277 a 4500 001 000000140400 003 CaOOAMICUS 005 20141107121056.0 008 141107t1968 it 000 u ita r 040 $aPUL$bita 100 1 $aVerucci, Guido.$0(OLS)http://pul/name/4273 245 12$aI cattolici e il liberalismo dalle'amicizie cristiane'al modernismo:$bricerche e note critiche /$cGuido Verucci. 260 $aPadova :$bLiviana,$c1968. 300 $a261 p.$c22 cm 490 1 $aBiblioteca di cultura 504 $aInclude riferimenti bilbiografici. 650 4$aModernismo$zItalia.$0(OLS)http://pul/subject/693 650 4$aLiberalismo$zItalia$xStoria.$0(OLS)http://pul/subject/19003 830 0$aBiblioteca di cultura.$0(OLS)http://pul/title/132116 850 $aPUL 852 $aPUL$W1$xDP1 Fondo Capitani$y116$m1 A 58$j41577$qFondi$B161706$CPULBib$Z2$F161706 $HCap1961 $82 941 1 $a1 961 $aNota ms. di possesso : Capitani. 996 $6245$aI cattolici e il liberalismo dalle'amicizie cristiane'al modernismo:$bricerche e note critiche$9(OLS)http://pul/title/177721 996 $6260$aPadova :$bLiviana$9(OLS)http://pul/publisher/50671 LEADER 02358nam a2200517 u 4500 001 000000068658 003 CaOOAMICUS 005 20070226121825.0 008 020315m19741987it u000 u ita u 020 $a8802013195 (v. 1) 020 $a8802035148 (V. 2) 020 $a8802040893 (v. 3) 035 $a10924061 040 $aPUL(R)$bita 041 1 $aita$hger 100 1 $aMarx, Karl,$d1818-1883.$0(OLS)http://pul/name/35606 245 13$aIl Capitale /$cdi Karl Marx ; a cura di Aurelio Macchioro e Bruno Maffi. 260 $aTorino :$bUTET,$c1974-1987. 300 $a3 v. ;$c24 cm 490 1 $aClassici dell'economia 490 1 $aClassici UTET 500 $aContiene indici. 500 $aCollana diretta da Giuseppe Di Nardi. 500 $aTraduzione di Bruno Maffi. 504 $aBibliografia: p. 55-68 e in nota. 505 0 $aLibro primo / a cura di Aurelio Macchioro e Bruno Maffi -- Libro secondo / a cura di Brunoi Maffi -- Libro terzo / a curea di Bruno Maffi. 650 4$aEconomia.$0(OLS)http://pul/subject/1893 650 4$aEconomia politica.$0(OLS)http://pul/subject/7140 700 1 $aMaffi, Bruno.$0(OLS)http://pul/name/33042 700 1 $aMacchioro, Aurelio.$0(OLS)http://pul/name/45659 830 0$aClassici UTET.$0(OLS)http://pul/title/1243 830 0$aClassici dell'Economia (UTET).$0(OLS)http://pul/title/78245 850 $aPUL 852 $aPUL$W1$xSL Religione 2$y84$mRH F4 3-5$j88773$nBK-PRI$b $qStampati altre collocazioni$B88773$CPULBib$Z2$F88773 $H $81 852 $aPUL$W1$xSL Religione 2$y84$mRH F4 3-5$j88773$nBK-PRI$b $qStampati altre collocazioni$B88774$CPULBib$Z2$F88774 $H $81 852 $aPUL$W1$xSL Religione 2$y84$mRH F4 3-5$j88773$nBK-PRI$b $qStampati altre collocazioni$B88775$CPULBib$Z2$F88775 $H $81 900 $aMarx, Carlo$935606 941 1 $a10 961 $aINV: 68805-7 961 $aINV: 68805-7 961 $aINV: 68805-7 996 $6020$a8802013195 (v. 1)$9(OLS)http://pul/number/88996 996 $6020$a8802035148 (V. 2)$9(OLS)http://pul/number/88997 996 $6020$a8802040893 (v. 3)$9(OLS)http://pul/number/88998 996 $6245$aIl Capitale$9(OLS)http://pul/title/90792 996 $6260$aTorino :$bUTET$9(OLS)http://pul/publisher/48088 LEADER 01802nam a2200301 u 4500 001 000000076701 003 CaOOAMICUS 005 20070226123235.0 008 031216s2001 it u000 u por u 035 $a10979594 040 $aPUL$bita 100 1 $aMoraes Brito, Pedro Júnior.$0(OLS)http://pul/name/51040 245 12$aA fundação em Cristo como ponto de incontro entre o ético e o espiritual na teologia moral pÓs-conciliar :$bconfronto entre a proposta de Domenico Capone e de Jon Sobrino /$cPedro Moraes Brito JÓnior. 260 $aRomae :$b[s.n.],$c2001. 300 $ap. 314 ;$c23,5 cm 500 $aIn testa al front.: "Pontificia Universitas Lateranensis. Academia Alfonsiana [sic!]. Institutum Superius Theologiae Moralis". 502 $a"Dissertatio ad Doctoratum in Theologia Morali consequendum". 600 14$aCapone, Domenico,$cC.SS.R.,$d1907-1995.$0(OLS)http://pul/subject/12990 650 4$aTeologia morale.$0(OLS)http://pul/subject/1500 710 2 $aAccademia Alfonsiana. Istituto superiore di Teologia morale.$kTesi.$0(OLS)http://pul/name/81838 850 $aPUL 852 $aPUL$W1$xDP1 Tesi Acc. Alfonsiana$y28$mTH AC.ALF 498$j98518$nBK-PRI$b $qTesi$B98518$CPULBib$Z2$F98518 $HPUL94042 $81 910 $aPontificia Università Lateranense. $bAccademia Alfonsiana$981838 910 $aIstituto superiore di Teologia morale. Accademia Alfonsiana$981838 910 $aAcademia Alfonsiana. Institutum superius theologiae moralis$981838 941 1 $a16 996 $6245$aA fundação em Cristo como ponto de incontro entre o ético e o espiritual na teologia moral pÓs-conciliar :$bconfronto entre a proposta de Domenico Capone e de Jon Sobrino$9(OLS)http://pul/title/100572 996 $6260$aRomae :$b[s.n.]$9(OLS)http://pul/publisher/48223